Nachlaá 1884-1885 /

Guardado en:
Autor Principal: Nietzsche, Federico
Formato: Libro
Publicado: MÜnchen : Deutscher Taschenbuch Verlag; De Gruyter, 1999
Series:Kritische Studienausgabe, 11
Materias:
Etiquetas: Agregar Etiqueta
Sin Etiquetas, Sea el primero en etiquetar este registro!
LEADER 00663nam a22002055a 4500
001 EHU.bham024004
003 AR-BHAM
005 20130507105512.0
008 130507s1999##################000#0#####d
082 1 9 |a 193 
100 1 |a Nietzsche, Federico 
245 1 0 |a Nachlaá 1884-1885 /  |c Federico Nietzsche 
260 |a MÜnchen :  |b Deutscher Taschenbuch Verlag; De Gruyter,  |c 1999 
300 |a 728 p. 
490 0 |a Kritische Studienausgabe, 11 
500 |a Ed. Por Giorgio Colli Y Mazzimo Montinari 
653 |a Filosofia moderna occidental 
653 |a Filosofia alemana 
653 |a Nietzsche 
859 |a AR-BHAM  |b BIB. HUMANIDADES - General  |h 193  |i N558-19  |p 580.01  |t Ej.1  |v 11  |3 11